E59(函館江差道)のIC - Statistics

General Stats
  • This quiz has been taken 37 times
  • The average score is 4 of 6
Answer Stats
函館江差道 % Correct
IC/JCT 函館
100%
IC 木古内
79%
IC 北斗追分
63%
IC 北斗中央
58%
IC 北斗茂辺地
58%
IC 北斗富川
53%
No matching quizzes found
Score Distribution
Percent of People with Each Score
Percentile by Number Answered
Your Score History
You have not taken this quiz